000 00232nam a22000857a 4500
008 161220b xxu||||| |||| 00| 0 eng d
100 _92144
_aCherians.T
245 _aThe Suns Handker Chief
260 _aNew delhi
_bChilderns Book Trust
_c2011
999 _c5025
_d5025